LEADER 01755ckm1-2200445---450- 001 990005588300203316 005 20151116172332.0 035 $a000558830 035 $aUSA01000558830 035 $a(ALEPH)000558830USA01 035 $a000558830 100 $a19981214g19721973|||y0itaa50------ba 101 $afre 102 $afr 105 $a0 00||| 200 1 $aHistoire de la philosophie$eidées, doctrines$fsous la direction de François Châtelet$gavec la collaboration de Anouar Abdel-Malek ...[et al.] 210 $aParis$cHachette littérature$d1972-1973 215 $a8 volumi$d23 cm 451 $1001000216452 463 \1$1001990005588310203316$12001 $a<<1: La >> philosophie païenne$edu 6e siècle avant J.-C. au 3e siècle après J.-C. 463 \1$1001990005588320203316$12001 $a<<2: La >> philosophie médiévale$edu 1er au 15e siècle 463 \1$1001990005588340203316$12001 $a<<4: Les >> Lumieres$ele 18e siecle 463 \1$1001990005588350203316$12001 $a<<5: La >> philosophie et l'histoire$e1780-1880 463 \1$1001990005588360203316$12001 $a<<6: La>> philosophie du monde scientifique et industriel$e1860-1940 463 \1$1001990005588370203316$12001 $a<<7: La >> philosophie des sciences sociales$ede 1860 à nos jours 463 \1$1001990005588380203316$12001 $a<<8: Le>> 20. siècle 606 $aFilosofia$xStoria$2F 620 $dPARIS 676 $a109 702 1$aCHÂTELET,$bFrançois 702 1$aABDEL-MALEK,$bAnouar 712 02$aHACHETTE 801 0$aIT$bSA$c20111219 912 $a990005588300203316 959 $aBK 969 $aFIL 979 $c20121027$lUSA01$h1525 979 $aCHIARA$b90$c20151116$lUSA01$h1723 996 $aHistoire de la philosophie$958778 997 $aUNISA LEADER 02626nam2 22004933i 450 001 VAN00169873 005 20250225034455.418 017 70$2N$a9783319309392 100 $a20210701d2016 |0itac50 ba 101 $aeng 102 $aCH 105 $a|||| ||||| 200 1 $aˆ1: ‰Foundations and Abelian and Non-Abelian Gauge Theories$fEdouard B. Manoukian 210 $aCham$cSpringer$d2016 215 $axx, 586 p.$cill.$d24 cm 410 1$1001VAN00132770$12001 $aGraduate Texts in Physics$1210 $aBerlin [etc.]$cSpringer 461 1$1001VAN00169863$12001 $aQuantum Field Theory$fEdouard B. Manoukian$1210 $aCham$cSpringer$d2016$1215 $avolumi$cill.$d24 cm$v1 500 1$3VAN00169884$aQuantum Field Theory. 1, Foundations and Abelian and Non-Abelian Gauge Theories$91811112 606 $a81-XX$xQuantum theory [MSC 2020]$3VANC019967$2MF 606 $a81T13$xYang-Mills and other gauge theories in quantum field theory [MSC 2020]$3VANC023357$2MF 606 $a81T30$xString and superstring theories; other extended objects (e.g., branes) in quantum field theory [MSC 2020]$3VANC021514$2MF 606 $a81T60$xSupersymmetric field theories in quantum mechanics [MSC 2020]$3VANC034036$2MF 606 $a81V05$xStrong interaction, including quantum chromodynamics [MSC 2020]$3VANC034061$2MF 606 $a81V17$xGravitational interaction in quantum theory [MSC 2020]$3VANC036151$2MF 606 $a81V22$xUnified quantum theories [MSC 2020]$3VANC035603$2MF 610 $aFaddeev-Popov factors$9KW:K 610 $aGreen's Function$9KW:K 610 $aPath integral approach$9KW:K 610 $aProblems and solutions on QFT$9KW:K 610 $aQuantum Field Theory$9KW:K 610 $aQuantum dynamical (action) principle$9KW:K 610 $aRenormalization theory$9KW:K 620 $aCH$dCham$3VANL001889 700 1$aManoukian$bEdouard B.$3VANV044867$0808115 712 $aSpringer $3VANV108073$4650 790 1$aManoukian, Edward B.$zManoukian, Edouard B.$3VANV220697 801 $aIT$bSOL$c20250606$gRICA 856 4 $uhttp://doi.org/10.1007/978-3-319-30939-2$zE-book ? Accesso al full-text attraverso riconoscimento IP di Ateneo, proxy e/o Shibboleth 899 $aBIBLIOTECA DEL DIPARTIMENTO DI MATEMATICA E FISICA$1IT-CE0120$2VAN08 912 $fN 912 $aVAN00169873 950 $aBIBLIOTECA DEL DIPARTIMENTO DI MATEMATICA E FISICA$d08DLOAD e-book 2830 $e08eMF2830 20210701 996 $aQuantum Field Theory. 1, Foundations and Abelian and Non-Abelian Gauge Theories$91811112 997 $aUNICAMPANIA